000 00752nam a22001937a 4500
999 _c371312
_d371312
008 201127b ||||| |||| 00| 0 eng d
040 _aDE-2950
_bger
_cDE-2950
_erda
041 _ager
245 _aVolksvertreter vor Ort.
_bWahlkreis 63: Mathias Papendieck ist nicht das einzige Mitglied des Bundestages mit einem Wahlkreisbüro in der Oderstadt /
_cJacqueline Westermann und Thomas Gutke
264 _c2022
653 _aFrankfurt (Oder)
653 _aBundestag
653 _aAbgeordnete / Direktmandat
773 _dFrankfurt (Oder) Märkisches Verlags- und Druckhaus GmbH & Co KG
_tMärkische Oderzeitung
_g33. Jahrgang (2022) Nr. 5 vom 07.01.2022, S. 13
942 _cA